[Event "European Blitz 2022"]
[Site "Katowice POL"]
[Date "2022.12.16"]
[Round "19.16"]
[White "Svane, Rasmus"]
[Black "Krzyzanowski, Marcin"]
[Result "1/2-1/2"]
[WhiteTitle "GM"]
[BlackTitle "GM"]
[WhiteElo "2622"]
[BlackElo "2538"]
[WhiteFideId "4657101"]
[BlackFideId "1132199"]
[EventDate "2022.12.16"]

1. Nf3 d5 2. g3 g6 3. Bg2 Bg7 4. d4 c6 5. O-O Nf6 6. c4 O-O 7. Qb3 a5 8. Rd1 a4
9. Qb4 dxc4 10. Qxc4 Nbd7 11. Qc2 Nb6 12. e4 Bg4 13. h3 Be6 14. Be3 h6 15. Ne5
Nfd7 16. Nd3 Nc4 17. Nf4 Nxe3 18. fxe3 Bb3 19. axb3 axb3 20. Qxb3 Rxa1 21. Nxg6
Re8 22. Nf4 Qb6 23. Qc2 e5 24. Nh5 Bh8 25. Kh2 Nf6 26. Nxf6+ Bxf6 27. Qf2 Bg7
28. Rf1 Re7 29. d5 cxd5 30. exd5 e4 31. Nd2 Rxf1 32. Qxf1 Qxe3 33. d6 Re6 34.
Nc4 Qd4 35. Qe2 b5 36. Ne3 Qxd6 37. Nf5 Qe5 38. Ne3 h5 39. h4 Rg6 40. Qe1 Bh6
41. b4 Bf8 42. Qd2 Qxg3+ 43. Kg1 Bd6 44. Nf5 Qh2+ 45. Kf1 e3 46. Qe2 Qf4+ 47.
Qf3 Qxf3+ 48. Bxf3 Bxb4 49. Nxe3 Bc5 50. Nd5 b4 51. Bxh5 Rd6 52. Bf3 b3 53. Be4
b2 54. Nc3 Rd2 55. Nb1 Rf2+ 56. Ke1 Rh2 57. h5 Kg7 58. Kd1 Kf6 59. Bf3 Ke5 60.
Nc3 Kd4 61. Nb1 Ke3 62. Bg4 Rd2+ 63. Nxd2 Bf8 64. Nc4+ Kf4 65. Nxb2 Kxg4 66. Ke2
Kxh5 67. Kf3 1/2-1/2

[Event "European Blitz 2022"]
[Site "Katowice POL"]
[Date "2022.12.16"]
[Round "19.17"]
[White "Grandelius, Nils"]
[Black "Plichta, Kamil"]
[Result "1-0"]
[WhiteTitle "GM"]
[BlackTitle "FM"]
[WhiteElo "2660"]
[BlackElo "2394"]
[WhiteFideId "1710400"]
[BlackFideId "1141830"]
[EventDate "2022.12.16"]

1. Nf3 g6 2. d4 Bg7 3. g3 Nf6 4. Bg2 O-O 5. O-O d6 6. Re1 Nc6 7. d5 Nb4 8. e4 c6
9. a3 Na6 10. c4 Rb8 11. Nc3 b5 12. Nd4 bxc4 13. Nxc6 Qc7 14. Nxb8 Qxb8 15. Bf1
Bg4 16. f3 Bd7 17. Bxc4 Rc8 18. Qe2 Nc5 19. Be3 Nb3 20. Rad1 h5 21. Bxb3 Qxb3
22. Bxa7 h4 23. Bd4 Rc4 24. Qf2 hxg3 25. hxg3 Bh6 26. e5 Nh5 27. exd6 exd6 28.
Ne4 Rc2 29. Re2 Rxb2 30. Rxb2 Qxd1+ 31. Kh2 Kh7 32. Rb8 Bg7 33. Ng5+ Kh6 34.
Nxf7+ Kh7 35. Ng5+ Kh6 36. Bxg7+ Kxg7 37. Rb7 Nf6 38. Ne4 Qa4 39. Qb2 1-0

[Event "European Blitz 2022"]
[Site "Katowice POL"]
[Date "2022.12.16"]
[Round "19.18"]
[White "Saric, Ante"]
[Black "Kyc, Jerzy"]
[Result "1/2-1/2"]
[WhiteTitle "GM"]
[WhiteElo "2504"]
[BlackElo "2230"]
[WhiteFideId "14506254"]
[BlackFideId "1163922"]
[EventDate "2022.12.16"]

1. Nf3 Nf6 2. c4 g6 3. Nc3 c5 4. e4 d6 5. d4 cxd4 6. Nxd4 Bg7 7. Be2 O-O 8. O-O
Nc6 9. Be3 Nxd4 10. Bxd4 Be6 11. Rc1 Rc8 12. b3 Qa5 13. Qe1 Rfd8 14. a4 Rc6 15.
Bxf6 Bxf6 16. Nd5 Qxe1 17. Nxf6+ exf6 18. Rfxe1 a5 19. Rcd1 Kf8 20. Bf3 Rc5 21.
Re3 Ke7 22. Kf1 h5 23. h4 b6 24. Ke1 f5 25. exf5 Rxf5 26. Rd4 Re5 27. Kd2 Rc8
28. Be4 f5 29. Bd3 Rxe3 30. Kxe3 Rd8 31. Kf4 Kf6 32. Be2 Bf7 33. Bf3 Be6 34. Rd2
Bc8 35. Bd5 Re8 36. Bc6 Rd8 37. Bf3 Be6 38. Bd5 Bd7 39. Re2 Re8 40. Rd2 Rd8 41.
Bf3 Be6 42. Be2 Rd7 43. f3 d5 44. g4 hxg4 45. fxg4 dxc4 46. g5+ Ke7 47. Rxd7+
Kxd7 48. Bxc4 Bxc4 49. bxc4 Ke6 50. Kg3 Ke5 51. Kf3 f4 52. Kf2 Kf5 53. Kf3 Ke5
54. Kf2 Kf5 55. Kf3 Ke5 1/2-1/2

[Event "European Blitz 2022"]
[Site "Katowice POL"]
[Date "2022.12.16"]
[Round "19.19"]
[White "Livaic, Leon"]
[Black "Psyk, Radoslaw"]
[Result "0-1"]
[WhiteTitle "GM"]
[WhiteElo "2572"]
[BlackElo "2438"]
[WhiteFideId "14531534"]
[BlackFideId "1182838"]
[EventDate "2022.12.16"]

1. e4 Nf6 2. d3 e5 3. c4 Bc5 4. Nc3 h6 5. Be2 O-O 6. Nf3 Re8 7. O-O Nc6 8. a3 a5
9. Nd5 Nd4 10. Be3 c6 11. Nxf6+ Qxf6 12. Nxd4 exd4 13. Bd2 d5 14. cxd5 cxd5 15.
exd5 Bd6 16. Bf3 Bf5 17. Re1 Bxd3 18. Bxa5 Qf5 19. Bb6 Rxe1+ 20. Qxe1 Qf4 21. g3
Qxf3 22. Qd1 Qe4 23. Qd2 Bc4 24. Re1 Qf3 25. Qd1 Qxd1 26. Rxd1 d3 27. Kf1 Re8
28. Be3 Bxd5 0-1

[Event "European Blitz 2022"]
[Site "Katowice POL"]
[Date "2022.12.16"]
[Round "19.20"]
[White "Dragnev, Valentin"]
[Black "Cherniaiev, Tykhon"]
[Result "0-1"]
[WhiteTitle "GM"]
[BlackTitle "FM"]
[WhiteElo "2556"]
[BlackElo "2330"]
[WhiteFideId "1634852"]
[BlackFideId "14182360"]
[EventDate "2022.12.16"]

1. e4 e5 2. Nf3 Nc6 3. Bb5 Nf6 4. d3 Bc5 5. c3 O-O 6. O-O d5 7. exd5 Qxd5 8. Bc4
Qd8 9. Nbd2 Bf5 10. Qe2 Qe7 11. Ne4 Nxe4 12. dxe4 Be6 13. Bb5 Bd6 14. Be3 a6 15.
Bc4 h6 16. h3 Rad8 17. Rad1 Rd7 18. Rd2 Rfd8 19. Rfd1 Na5 20. Bd5 Bxd5 21. Rxd5
Nc6 22. R1d2 Qe6 23. Qd1 Ne7 24. R5d3 Ng6 25. b3 Nf8 26. Rd5 c6 27. R5d3 Bc7 28.
Bc5 Rxd3 29. Rxd3 Rxd3 30. Qxd3 Ng6 31. Be3 Qd6 32. Qc4 Nf8 33. Kh2 Ne6 34. Ne1
b5 35. Qe2 Nd4 36. Qg4 Ne6 37. Qe2 Nd4 38. Qf1 Ne6 39. Nd3 c5 40. Qe2 Qc6 41. f3
a5 42. Nf2 c4 43. Qd2 cxb3 44. axb3 Bd6 45. Nd3 Bc7 46. Qb2 Bd6 47. Bf2 a4 48.
bxa4 bxa4 49. Qc2 a3 50. Qb3 Qa6 51. Nc1 Qf1 52. Be3 Qe1 53. c4 Nd4 54. Bxd4
exd4+ 0-1

[Event "European Blitz 2022"]
[Site "Katowice POL"]
[Date "2022.12.16"]
[Round "19.21"]
[White "Gaehwiler, Gabriel"]
[Black "Azarov, Sergei"]
[Result "1-0"]
[WhiteTitle "IM"]
[BlackTitle "GM"]
[WhiteElo "2408"]
[BlackElo "2562"]
[WhiteFideId "1314530"]
[BlackFideId "13501470"]
[EventDate "2022.12.16"]

1. d4 Nf6 2. c4 e6 3. g3 d5 4. Bg2 dxc4 5. Nf3 a6 6. a4 Nc6 7. O-O Rb8 8. a5 b5
9. axb6 cxb6 10. Bf4 Bd6 11. Ne5 Nb4 12. Nxc4 Bxf4 13. gxf4 O-O 14. Ne5 Bb7 15.
Nc3 Bxg2 16. Kxg2 Qe7 17. e3 Rfc8 18. Qf3 a5 19. Rfc1 Nd7 20. Nb5 Nxe5 21. dxe5
Nd3 22. Rxc8+ Rxc8 23. Qe4 Nc5 24. Qf3 f6 25. Nd6 Rf8 26. Nc4 Nd7 27. Qb7 Qf7
28. Rd1 Qg6+ 29. Kh1 Nc5 30. Qg2 Qc2 31. Rg1 g6 32. Nd6 fxe5 33. fxe5 Qxf2 34.
Qxf2 Rxf2 35. h4 Rxb2 36. h5 Kg7 37. hxg6 hxg6 38. Ne8+ Kf8 39. Nd6 Kg7 40. Ne8+
Kh6 41. Rg3 Ne4 42. Rf3 g5 43. Nf6 Nd2 1-0

[Event "European Blitz 2022"]
[Site "Katowice POL"]
[Date "2022.12.16"]
[Round "19.22"]
[White "Kosakowski, Jakub"]
[Black "Ondozi, Murtez"]
[Result "1-0"]
[WhiteTitle "IM"]
[BlackTitle "FM"]
[WhiteElo "2475"]
[BlackElo "2406"]
[WhiteFideId "1185080"]
[BlackFideId "937576"]
[EventDate "2022.12.16"]

1. e4 c6 2. d4 d5 3. e5 c5 4. Nf3 Nc6 5. dxc5 Bg4 6. c3 e6 7. Be3 Bxf3 8. Qxf3
Nxe5 9. Bb5+ Nc6 10. c4 Nf6 11. Nc3 a6 12. Ba4 Qa5 13. O-O Rd8 14. Rad1 Be7 15.
a3 O-O 16. b4 Nxb4 17. axb4 Qxb4 18. cxd5 exd5 19. Bd4 Ne4 20. Nxd5 Rxd5 21.
Qxe4 Rfd8 22. Bc2 g6 23. Qxe7 Rxd4 24. Rxd4 Rxd4 25. Bb3 Rf4 26. Qe8+ Kg7 27.
Qe5+ Rf6 28. Bc2 b6 29. c6 Qc4 30. Be4 1-0

[Event "European Blitz 2022"]
[Site "Katowice POL"]
[Date "2022.12.16"]
[Round "19.23"]
[White "Sahidi, Samir"]
[Black "Haug, Havard"]
[Result "1-0"]
[WhiteTitle "IM"]
[WhiteElo "2494"]
[BlackElo "2044"]
[WhiteFideId "14936372"]
[BlackFideId "1547887"]
[EventDate "2022.12.16"]

1. e4 c6 2. d4 d5 3. e5 c5 4. c3 Nc6 5. Nf3 Bg4 6. dxc5 Bxf3 7. Qxf3 e6 8. Be3
Nge7 9. Bb5 Qc7 10. O-O Ng6 11. Nd2 Be7 12. Bd4 O-O 13. Bxc6 bxc6 14. Rfe1 f5
15. b4 a5 16. a4 Qb7 17. Reb1 Bg5 18. Nf1 Qc7 19. Qe2 Bf4 20. Re1 Rfb8 21. b5
Nf8 22. g3 Bg5 23. Reb1 Be7 24. Nd2 Nd7 25. b6 Qb7 26. Qe3 Kf7 27. c4 Nf8 28.
cxd5 exd5 29. Qd3 g6 30. e6+ Nxe6 31. Nf3 Bxc5 32. Bxc5 Nxc5 33. Ne5+ Kg8 34.
Qc2 Nd7 35. Nxc6 Re8 36. Nd4 Rac8 37. Qb3 Rc4 38. Nf3 Rb4 39. Qd3 Nxb6 40. Rxb4
axb4 41. Qb5 Rb8 42. Qxb4 Nc4 43. Qc5 Rc8 44. Qd4 Qg7 45. a5 Qxd4 46. Nxd4 Ra8
47. a6 Kf7 48. Nb5 Nb6 49. a7 Nc8 50. Rc1 Ke6 51. Nc7+ Ke5 52. Nxa8 Nxa7 53. Nb6
d4 54. Nc4+ Kd5 55. Nd2 Nb5 56. Kf1 Nc3 57. Ra1 g5 58. Ra5+ Ke6 59. Nb3 1-0

[Event "European Blitz 2022"]
[Site "Katowice POL"]
[Date "2022.12.16"]
[Round "19.24"]
[White "Monroy, Charles"]
[Black "Stefansson, Hannes"]
[Result "0-1"]
[WhiteTitle "IM"]
[BlackTitle "GM"]
[WhiteElo "2395"]
[BlackElo "2526"]
[WhiteFideId "621641"]
[BlackFideId "2300087"]
[EventDate "2022.12.16"]

1. Nf3 Nf6 2. c4 c6 3. e3 d5 4. Nc3 a6 5. b3 Bg4 6. h3 Bxf3 7. Qxf3 e5 8. Bb2
Qa5 9. Qg3 Nbd7 10. a3 d4 11. b4 Qd8 12. Ne2 a5 13. exd4 axb4 14. dxe5 Ne4 15.
Qe3 bxa3 16. Bd4 Nec5 17. g4 Ne6 18. Bc3 Ndc5 19. Nc1 Na4 20. Bg2 Nxc3 21. Qxc3
Bc5 22. Ne2 Nd4 23. Ra2 Qb6 24. Nxd4 Bxd4 25. Rxa3 Bxc3 26. Rxa8+ Ke7 27. Rxh8
Bxd2+ 28. Ke2 Qb2 29. Rd1 Bc3+ 30. Ke3 c5 31. Rhd8 Bd4+ 32. Ke4 Kxd8 0-1

[Event "European Blitz 2022"]
[Site "Katowice POL"]
[Date "2022.12.16"]
[Round "19.25"]
[White "Mastrovasilis, Dimitrios"]
[Black "Hasterok, Mateusz"]
[Result "1-0"]
[WhiteTitle "GM"]
[WhiteElo "2605"]
[BlackElo "2162"]
[WhiteFideId "4202694"]
[BlackFideId "21822352"]
[EventDate "2022.12.16"]

1. e4 c5 2. Nf3 e6 3. c4 Nc6 4. d4 cxd4 5. Nxd4 a6 6. Nc3 Qc7 7. Be2 Nf6 8. O-O
Bb4 9. Nxc6 dxc6 10. Qd3 e5 11. Qg3 g6 12. Bg5 Be7 13. Qh4 Ng8 14. Rad1 Be6 15.
Na4 h6 16. Bxe7 Qxe7 17. Qg3 Qf6 18. Nc5 Bc8 19. Qb3 Qe7 20. Qe3 Nf6 21. Rd2 O-O
22. Rfd1 Kh7 23. Rd6 g5 24. b4 Bg4 25. Rxf6 Bxe2 26. Rdd6 Bxc4 27. Rxh6+ Kg7 28.
Rhf6 Rh8 29. Qxg5+ Kf8 30. Rd7 Qe8 31. Rfd6 b6 32. Qf6 Rg8 33. Nd3 Be6 34. Nxe5
Bxd7 35. Nxd7+ Qxd7 36. Rxd7 1-0

[Event "European Blitz 2022"]
[Site "Katowice POL"]
[Date "2022.12.16"]
[Round "19.26"]
[White "Langheinrich, Ferenc"]
[Black "Saraci, Nderim"]
[Result "1-0"]
[WhiteTitle "IM"]
[BlackTitle "IM"]
[WhiteElo "2381"]
[BlackElo "2468"]
[WhiteFideId "4641973"]
[BlackFideId "6351921"]
[EventDate "2022.12.16"]

1. e4 e5 2. Nf3 Nc6 3. Bb5 a6 4. Ba4 g6 5. O-O Bg7 6. c3 d6 7. h3 Bd7 8. d4 Qe7
9. d5 Nd8 10. c4 Bxa4 11. Qxa4+ Qd7 12. Qxd7+ Kxd7 13. Nc3 f5 14. Ne1 Nf6 15. f3
f4 16. c5 g5 17. cxd6 cxd6 18. Na4 Rb8 19. Nb6+ Kc7 20. Nc4 b5 21. Na5 Nb7 22.
Bd2 Nxa5 23. Bxa5+ Kb7 24. Bb4 Bf8 25. Nd3 Nd7 26. Rfc1 Be7 27. Rc6 Rbc8 28.
Rac1 Nb8 29. Rxc8 Rxc8 30. Rxc8 Kxc8 31. Nxe5 Bf6 32. Bxd6 Nd7 33. Nxd7 Kxd7 34.
e5 1-0

[Event "European Blitz 2022"]
[Site "Katowice POL"]
[Date "2022.12.16"]
[Round "19.27"]
[White "Tazbir, Marcin"]
[Black "Tisaj, Domen"]
[Result "1-0"]
[WhiteTitle "GM"]
[BlackTitle "FM"]
[WhiteElo "2508"]
[BlackElo "2396"]
[WhiteFideId "1122452"]
[BlackFideId "14628708"]
[EventDate "2022.12.16"]

1. c4 e6 2. g3 Nf6 3. Bg2 d5 4. Nf3 Be7 5. O-O O-O 6. Qc2 b6 7. d3 Bb7 8. Re1 c5
9. e4 dxe4 10. dxe4 Nc6 11. e5 Nd7 12. Nc3 a6 13. h4 Qc7 14. Bf4 Nd4 15. Nxd4
cxd4 16. Ne4 Nc5 17. Nf6+ gxf6 18. exf6 Bd6 19. Bxd6 Qxd6 20. Bxb7 Nxb7 21. Qe4
Kh8 22. Qxb7 a5 23. Rad1 Rad8 24. b3 Rg8 25. Rd3 Rd7 26. Qf3 Rg6 27. h5 Rg5 28.
Re4 Qc5 29. Qf4 Rd8 30. Rexd4 Rdg8 31. Rd8 Qc6 32. Qxg5 1-0

[Event "European Blitz 2022"]
[Site "Katowice POL"]
[Date "2022.12.16"]
[Round "19.28"]
[White "Fridman, Daniel"]
[Black "Morgunov, Marc"]
[Result "1-0"]
[WhiteTitle "GM"]
[BlackTitle "FM"]
[WhiteElo "2602"]
[BlackElo "2402"]
[WhiteFideId "11600454"]
[BlackFideId "1640305"]
[EventDate "2022.12.16"]

1. d4 Nf6 2. Nf3 g6 3. g3 Bg7 4. Bg2 O-O 5. c4 d6 6. Nc3 Nc6 7. O-O e5 8. dxe5
dxe5 9. Bg5 h6 10. Qxd8 Rxd8 11. Bxf6 Bxf6 12. Nd5 Kg7 13. Nxc7 Rb8 14. e4 Be7
15. Nd5 Bc5 16. h3 Be6 17. Rab1 a5 18. Rfd1 b6 19. Bf1 Rd7 20. Kg2 Rbd8 21. Bd3
Rd6 22. a3 a4 23. Bc2 Ra8 24. Nc7 Ra7 25. Rxd6 Bxd6 26. Nb5 Rd7 27. Bxa4 Na5 28.
b3 Bb8 29. Nc3 Rd3 30. Nd5 f5 31. Re1 fxe4 32. Rxe4 Nxb3 33. Bxb3 Rxb3 34. Nxe5
Bf5 35. Re2 Bd6 36. g4 Bc8 37. Nc6 Bb7 38. Nd8 Bxd5+ 39. cxd5 Rxa3 40. Re6 Bc5
41. Nb7 Rd3 42. d6 Kf7 43. Re7+ Kf6 44. Rd7 Ke6 45. Rg7 Kf6 46. Rd7 Rd2 47. Nxc5
bxc5 48. Kf3 c4 49. Ke3 c3 50. Rc7 Rxd6 51. Rxc3 Ra6 52. f4 Ra4 53. Rd3 Rb4 54.
h4 Ra4 55. Rd4 Ra3+ 56. Ke4 Ra5 57. Rd6+ Kf7 58. Rd5 Ra4+ 59. Ke5 g5 60. hxg5
hxg5 61. f5 Rxg4 62. Rd7+ Ke8 63. Ra7 Rb4 64. Kf6 g4 65. Re7+ Kd8 66. Rg7 Rb6+
67. Kg5 Ke8 68. f6 g3 69. Kg6 g2 70. Rg8+ Kd7 71. Kf7 Rb2 72. Rg3 Rf2 73. Kg7
Ke6 74. Rg6 g1=Q 75. Rxg1 Rf3 76. Re1+ Kd6 77. f7 Rg3+ 78. Kf8 Rf3 79. Ke8 Kd5 1-0

[Event "European Blitz 2022"]
[Site "Katowice POL"]
[Date "2022.12.16"]
[Round "19.29"]
[White "Blohberger, Felix"]
[Black "Kowalski, Igor"]
[Result "0-1"]
[WhiteTitle "GM"]
[BlackTitle "IM"]
[WhiteElo "2490"]
[BlackElo "2344"]
[WhiteFideId "1632051"]
[BlackFideId "1172468"]
[EventDate "2022.12.16"]

1. d4 Nf6 2. c4 g6 3. g3 c6 4. Bg2 d5 5. Nf3 Bg7 6. O-O O-O 7. cxd5 cxd5 8. Nc3
Ne4 9. Nd2 Nxc3 10. bxc3 Nc6 11. Qb3 e6 12. e4 Na5 13. Qc2 b6 14. e5 Ba6 15. Re1
Rc8 16. Nf3 Qc7 17. Bd2 Nc4 18. Bg5 h6 19. Bf4 Bb5 20. a4 Bd7 21. h4 Na5 22. Ra3
Rfe8 23. Qc1 Bf8 24. Bxh6 Bxa3 25. Qxa3 Qxc3 26. Qd6 Bxa4 27. h5 Rcd8 28. hxg6
Rxd6 29. gxf7+ Kxf7 30. exd6 Nc4 31. Rc1 Qb2 32. Rxc4 dxc4 33. Ne5+ Kg8 34. Be4
Qxd4 35. Nd7 0-1

[Event "European Blitz 2022"]
[Site "Katowice POL"]
[Date "2022.12.16"]
[Round "19.30"]
[White "Mis, Mieszko"]
[Black "Samunenkov, Ihor"]
[Result "0-1"]
[WhiteTitle "FM"]
[BlackTitle "IM"]
[WhiteElo "2389"]
[BlackElo "2488"]
[WhiteFideId "1196448"]
[BlackFideId "14187086"]
[EventDate "2022.12.16"]

1. e4 c6 2. Nf3 d5 3. d3 Qc7 4. exd5 cxd5 5. c4 Nf6 6. Nc3 e6 7. g3 Bb4 8. Bg2
O-O 9. O-O Nc6 10. Bf4 e5 11. Bg5 Bxc3 12. bxc3 dxc4 13. Bxf6 gxf6 14. Nh4 Ne7
15. dxc4 Ng6 16. Nxg6 hxg6 17. Bd5 Bh3 18. Re1 Kg7 19. Rb1 Rab8 20. Qa4 b6 21.
Qb4 Rfe8 22. Rbd1 Rbc8 23. Qa3 Be6 24. Re3 Bf5 25. h4 Red8 26. Ree1 Rd6 27. Qc1
Be6 28. h5 Bxd5 29. cxd5 Qxc3 30. Qb1 Qf3 31. Re3 Qxh5 32. Qd3 Rh8 33. Kf1 Rhd8
34. Qc2 Rxd5 35. Rxd5 Rxd5 36. Qc4 Rd1+ 37. Kg2 Qh1# 0-1

[Event "European Blitz 2022"]
[Site "Katowice POL"]
[Date "2022.12.16"]
[Round "19.31"]
[White "Licznerski, Lukasz"]
[Black "Fus, Jakub"]
[Result "1/2-1/2"]
[WhiteTitle "IM"]
[BlackTitle "FM"]
[WhiteElo "2441"]
[BlackElo "2405"]
[WhiteFideId "1179250"]
[BlackFideId "1193023"]
[EventDate "2022.12.16"]

1. e4 e6 2. d4 d5 3. Nd2 c5 4. Ngf3 cxd4 5. exd5 Qxd5 6. Bc4 Qd7 7. O-O Nc6 8.
Nb3 a6 9. Nbxd4 Nxd4 10. Qxd4 Qxd4 11. Nxd4 Bd7 12. Be2 Ne7 13. Bf3 O-O-O 14.
Bf4 Nc6 15. Rfd1 Bc5 16. Nxc6 Bxc6 17. Bxc6 bxc6 18. Kf1 Rd5 19. c4 Rdd8 20. Ke2
Bd4 21. Rd2 e5 22. Be3 c5 23. Rb1 Kc7 24. b4 Bxe3 25. Kxe3 Rxd2 26. Kxd2 Rd8+
27. Kc3 cxb4+ 28. Rxb4 Rd4 29. Ra4 Kb7 30. Ra5 f6 31. Ra3 Rd1 32. Rb3+ Kc7 33.
Rb2 Kc6 34. Kb4 Rd3 35. a4 Rd4 36. Rc2 Kb6 37. a5+ Kc6 38. Rb2 Rd3 39. Ka4 Kc5
40. Rb7 Rd2 41. Rc7+ Kd6 42. Rxg7 Rxf2 43. Kb4 h5 44. h4 Rb2+ 45. Kc3 Ra2 46.
Kb4 e4 47. Ra7 e3 48. Rxa6+ Ke5 49. Ra8 Rxg2 50. Kc3 Ra2 51. Kb3 Ra1 52. Kb2 Ra4
53. Kb3 Ra1 54. Kb2 Ra4 55. Kb3 Ra1 56. Kb2 Ra4 57. Kb3 Ra1 58. Kb2 Ra4 59. Kb3
Ra1 1/2-1/2

[Event "European Blitz 2022"]
[Site "Katowice POL"]
[Date "2022.12.16"]
[Round "19.32"]
[White "Karvatskyi, Oleksii"]
[Black "Costachi, Mihnea"]
[Result "0-1"]
[BlackTitle "IM"]
[WhiteElo "1995"]
[BlackElo "2476"]
[WhiteFideId "14191059"]
[BlackFideId "1217518"]
[EventDate "2022.12.16"]

1. d4 Nf6 2. Nc3 d5 3. Bf4 c6 4. e3 g6 5. h4 Bg7 6. h5 Nxh5 7. Rxh5 gxh5 8. Qxh5
Qd7 9. Nf3 Qf5 10. Qh2 Qxc2 11. Nd1 Na6 12. Bxa6 bxa6 13. Be5 Bxe5 14. Qxe5 Rg8
15. Qc7 Rxg2 16. Qe5 f6 17. Qh5+ Qg6 18. Qh1 Qg4 19. Ke2 Rb8 20. Qxh7 Bf5 21.
Qh8+ Qg8 22. Qh5+ Bg6 23. Qh3 Be4 24. Qh5+ Kd8 25. Rc1 Rb6 26. Kf1 Bxf3 27. Qxf3
Rg1+ 28. Ke2 Qg4 29. Qxg4 Rxg4 30. b3 e5 31. dxe5 fxe5 32. Nb2 Kc7 33. Nd3 Kd6
34. Rh1 Rg6 35. f4 e4 36. Ne5 Rg2+ 37. Kf1 Rxa2 38. Rh6+ Ke7 39. Nxc6+ Kf8 40.
Rh8+ Kg7 41. Rc8 Rxb3 42. Nb4 Rb1+ 43. Rc1 Rxc1# 0-1

[Event "European Blitz 2022"]
[Site "Katowice POL"]
[Date "2022.12.16"]
[Round "19.33"]
[White "Manik, Mikulas"]
[Black "Madan, Augustin"]
[Result "1-0"]
[WhiteTitle "GM"]
[BlackTitle "IM"]
[WhiteElo "2359"]
[BlackElo "2292"]
[WhiteFideId "14900734"]
[BlackFideId "1210327"]
[EventDate "2022.12.16"]

1. e4 e6 2. d4 d5 3. Nc3 Nf6 4. e5 Nfd7 5. Nce2 c5 6. c3 Nc6 7. Nf3 cxd4 8. cxd4
Nb6 9. Nf4 h5 10. h4 Be7 11. Bd3 Nb4 12. Bb1 Bd7 13. a3 Nc6 14. O-O Qc7 15. Ng5
Bxg5 16. hxg5 g6 17. b3 a5 18. Be3 a4 19. Qf3 Ne7 20. Rc1 Bc6 21. bxa4 Rxa4 22.
Nd3 Nc4 23. Nc5 Ra8 24. Bd3 b6 25. Qf6 Rg8 26. Nb3 Nf5 27. Bxf5 gxf5 28. Nd2 b5
29. Nb3 Qe7 30. Qh6 1-0

[Event "European Blitz 2022"]
[Site "Katowice POL"]
[Date "2022.12.16"]
[Round "19.34"]
[White "Klenburg, Michael"]
[Black "Marn, Jan"]
[Result "0-1"]
[WhiteTitle "IM"]
[BlackTitle "FM"]
[WhiteElo "2347"]
[BlackElo "2332"]
[WhiteFideId "14102072"]
[BlackFideId "14619245"]
[EventDate "2022.12.16"]

1. g3 e5 2. Bg2 d5 3. d3 Nc6 4. Nf3 g6 5. O-O Bg7 6. e4 Nge7 7. c3 O-O 8. Na3
dxe4 9. dxe4 b6 10. Qa4 Bd7 11. Qc2 Qc8 12. Nc4 a5 13. a4 Be6 14. Ne3 h6 15. Nd2
f5 16. Nd5 f4 17. Re1 Qd7 18. Nxe7+ Qxe7 19. Qd1 Rad8 20. Qe2 Qc5 21. Bf3 h5 22.
Qb5 fxg3 23. hxg3 Rxd2 24. Qxc5 bxc5 25. Bxd2 Rxf3 26. Be3 c4 27. Kg2 Rf8 28. f3
Rd8 29. Rad1 Rd3 30. Kf2 Bf8 31. Ke2 Rxd1 32. Rxd1 Be7 33. Rh1 Kg7 34. Kf2 Nd8
35. Rd1 Nb7 36. Ke2 Kf7 37. Rd2 g5 38. Rd1 h4 39. gxh4 gxh4 40. Kf2 h3 41. Kg3
Ke8 42. f4 exf4+ 43. Bxf4 c6 44. Bc7 Nc5 45. Bxa5 Nxa4 46. Rd2 Nc5 47. Re2 Bd6+
48. e5 Be7 49. Bb4 Nd3 50. Bxe7 Kxe7 51. Rd2 Kf7 52. b4 cxb3 53. Rxd3 b2 54.
Rf3+ Kg6 55. Rf6+ Kg7 56. Rxe6 b1=Q 57. Rxc6 Qg1+ 0-1

[Event "European Blitz 2022"]
[Site "Katowice POL"]
[Date "2022.12.16"]
[Round "19.35"]
[White "Karolczuk, Iwo"]
[Black "Budrewicz, Krzysztof"]
[Result "1-0"]
[WhiteTitle "FM"]
[WhiteElo "2327"]
[BlackElo "2184"]
[WhiteFideId "21816972"]
[BlackFideId "1127950"]
[EventDate "2022.12.16"]

1. e4 g6 2. d4 Bg7 3. Nc3 d6 4. Nf3 a6 5. a4 Nf6 6. h3 O-O 7. Be2 Nc6 8. O-O Nd7
9. d5 Nce5 10. Nxe5 Nxe5 11. Be3 e6 12. f4 Nd7 13. dxe6 fxe6 14. Bc4 Nb6 15.
Bxb6 cxb6 16. f5 gxf5 17. exf5 d5 18. Bb3 d4 19. Ne4 Qh4 20. fxe6 Qxe4 21. e7+
Be6 22. exf8=Q+ Rxf8 23. Rxf8+ Bxf8 24. Bxe6+ Qxe6 25. Qg4+ Qxg4 26. hxg4 Bc5
27. Kf1 Kf7 28. Ke2 Kg6 29. Rh1 Be7 30. Kd3 Bf6 31. b3 h6 32. Ke4 Bg7 33. Kd5
Kg5 34. Re1 Kxg4 35. Re7 Bf6 36. Rxb7 Kg3 37. Rxb6 Bg5 38. Rxa6 Kxg2 39. Rg6 Kf3
40. a5 Be3 41. a6 d3 42. cxd3 h5 43. d4 h4 44. a7 1-0

[Event "European Blitz 2022"]
[Site "Katowice POL"]
[Date "2022.12.16"]
[Round "19.37"]
[White "Sebenik, Matej"]
[Black "Bartel, Michal"]
[Result "1/2-1/2"]
[WhiteTitle "GM"]
[BlackTitle "FM"]
[WhiteElo "2538"]
[BlackElo "2250"]
[WhiteFideId "14602296"]
[BlackFideId "1119257"]
[EventDate "2022.12.16"]

1. Nf3 d5 2. g3 Bg4 3. Bg2 Nd7 4. h3 Bh5 5. d4 e6 6. O-O Ngf6 7. c4 c6 8. cxd5
exd5 9. Ne5 Bg6 10. Nc3 Bd6 11. f4 Be4 12. Nxe4 Nxe4 13. Bxe4 dxe4 14. Qb3 Bxe5
15. fxe5 O-O 16. Qxb7 c5 17. Qxe4 cxd4 18. Qxd4 Qe7 19. Bf4 Rfe8 20. Rad1 Nxe5
21. Bxe5 Qxe5 22. Qxe5 Rxe5 23. Rd7 f6 24. Kf2 Rae8 25. Re1 a5 26. e3 Rf5+ 27.
Kg2 Rc8 28. Re2 Rc1 29. e4 Rff1 30. Ra7 Rg1+ 31. Kf3 Rcf1+ 32. Kg4 h5+ 33. Kh4
Rf3 34. e5 Rgxg3 35. exf6 Rxh3+ 36. Kg5 Rxf6 37. Ree7 Rg3+ 38. Kh4 Rg4+ 39. Kh3
Rf3+ 40. Kh2 Rf2+ 41. Kh3 a4 42. Ra5 Rf3+ 43. Kh2 h4 44. Re2 h3 45. Rh5 Rgg3 46.
Rh4 a3 47. b4 Rc3 48. b5 Rg6 49. Rxh3 Rxh3+ 50. Kxh3 Kf7 51. Re3 Rb6 52. Re5 Kf6
53. Rc5 Ke6 54. Kg4 Kd6 55. Rg5 Rb8 56. Kf4 Kc7 57. Rxg7+ Kb6 58. Rg5 Re8 1/2-1/2

[Event "European Blitz 2022"]
[Site "Katowice POL"]
[Date "2022.12.16"]
[Round "19.38"]
[White "Szpar, Milosz"]
[Black "Seemann, Jakub"]
[Result "1-0"]
[WhiteTitle "IM"]
[BlackTitle "FM"]
[WhiteElo "2428"]
[BlackElo "2365"]
[WhiteFideId "1184989"]
[BlackFideId "21874697"]
[EventDate "2022.12.16"]

1. e4 c5 2. c3 Nf6 3. e5 Nd5 4. Nf3 Nc6 5. Bc4 Nb6 6. Bb3 c4 7. Bc2 Qc7 8. O-O
Nxe5 9. Nxe5 Qxe5 10. Re1 Qc7 11. a4 e6 12. a5 Nd5 13. d3 cxd3 14. Qxd3 Be7 15.
Nd2 Nf6 16. Nc4 d5 17. Ne5 O-O 18. Bf4 Qd8 19. Qh3 g6 20. b4 Bd7 21. Bh6 Re8 22.
Qf3 Bb5 23. h4 Bf8 24. Bg5 Bg7 25. Ng4 Nxg4 26. Bxd8 Ne5 27. Qg3 Rexd8 28. Rxe5
Bxe5 29. Qxe5 Rac8 30. h5 a6 31. h6 Kf8 32. Qf6 Ke8 33. Ba4 d4 34. Bxb5+ axb5
35. cxd4 Rc4 36. a6 bxa6 37. Rxa6 Rcxd4 38. Ra7 R4d7 39. Rxd7 1-0